French Movie Directors - Statistics

General Stats
  • This quiz has been taken 57 times
  • The average score is 9 of 14
Answer Stats
Films Director % Correct
• Breathless (1960) • Contempt (1963) • Week-end (1967) Jean-Luc {Godard}
90%
• La Femme Nikita (1990) • Léon: The Professional (1994) • The Fifth Element (1997) Luc {Besson}
86%
• The 400 Blows (1959) • Jules and Jim (1962) • The Bride Wore Black (1968) François {Truffaut}
80%
• Monsieur Hulot's Holiday (1953) • My Uncle (1958) • PlayTime (1967) Jacques {Tati}
73%
• A Man Escaped (1956) • Pickpocket (1959) • Mouchette (1967) Robert {Bresson}
73%
• La Grande Illusion (1937) • The Rules of the Game (1939) • French Cancan (1955) Jean {Renoir}
63%
• Elevator to the Gallows (1958) • My Dinner with André (1981) • Au revoir les enfants (1987) Louis {Malle}
63%
• Love in the Afternoon (1972) • The Aviator's Wife (1981) • Pauline at the Beach (1983) Éric {Rohmer}
61%
• Delicatessen (1991) • Alien Resurrection (1997) • Amélie (2001) Jean-Pierre {Jeunet}
59%
• See How They Fall (1994) • La Haine (1995) • The Crimson Rivers (2000) Mathieu {Kassovitz}
59%
• 8 Women (2002) • Swimming Pool (2003) • Potiche (2010) François {Ozon}
55%
• The Unfaithful Wife (1969) • The Butcher (1970) • Madame Bovary (1991) Claude {Chabrol}
43%
• Black and White in Color (1976) • The Name of the Rose (1986) • Seven Years in Tibet (1997) Jean-Jacques {Annaud}
43%
• Don't Look Now... We're Being Shot At! (1966) • The Mad Adventures of Rabbi Jacob (1973) • Ace of Aces (1982) Gérard {Oury}
25%
No matching quizzes found
Score Distribution
Percent of People with Each Score
Percentile by Number Answered
Your Score History
You have not taken this quiz